Największe wyspy Europy - Statystyki

Ogólne statystyki
  • Ten quiz został rozwiązany 55 razy
    36 od ostatniego zresetowania
  • Średni wynik to 7 z 10
Statystyki odpowiedzi
Hint Odpowiedź % Poprawnych
1 Wielka Brytania
96%
3 Irlandia
93%
2 Islandia
89%
4 Sycylia
89%
5 Sardynia
86%
8 Kreta
82%
7 Korsyka
79%
10 Majorka
64%
6 Cypr
39%
9 Eubea
4%
Nie znaleziono quizów pasujących do podanych kryteriów
Rozkład punktacji
Procent ludzi z każdym wynikiem
Percentyl według liczby udzielonych odpowiedzi
Twoja historia wyników
Nie rozwiązałeś tego quizu od ostatniego zresetowania